000
00311nam a2200109Ia 4500
008
200302s9999 xx 000 0 und d
100
_a
Geraint John & Others
245
_a
Handbook of Sports & Recreational Builiding Design Vol 1 2nd ed.,
260
_b
The Architectural Press
260
_c
2001
300
_a
281 P.,
999
_c
1783
_d
1783